LEADER 01142nam0-2200397---450- 001 990000476910203316 005 20050705094256.0 010 $a88-15-08082-1$d22000 035 $a0047691 035 $aUSA010047691 035 $a(ALEPH)000047691USA01 035 $a0047691 100 $a20010529d2001----||ita|01 ba 101 $aita 102 $aIT 105 $a|||| ||||| 200 1 $aAvanzi di balera$estoria e storie del mondo del ballo$fBeatrice Benelli 210 $aBologna$cIl Mulino$d2001 215 $a216 p.$d21 cm 225 $aIntersezioni$v216 410 1$12001$aIntersezioni$v216 606 $aDanza 676 $a793.3 700 1$aBENELLI,$bBeatrice$0161298 801 0$aIT$bUNFI$c20010411 912 $a990000476910203316 951 $aXIII.4.5(XV H 138)$b157483 L.M.$cXV H$d00072976 959 $aBK 969 $aUMA 979 $aCHIARA$b40$c20010529$lUSA01$h1001 979 $aCHIARA$b40$c20010529$lUSA01$h1007 979 $c20020403$lUSA01$h1656 979 $aPATRY$b90$c20040406$lUSA01$h1633 979 $aCOPAT7$b90$c20050705$lUSA01$h0942 996 $aAvanzi di balera$9888531 997 $aUNISA LEADER 02854nam 2200637 a 450 001 9910806996303321 005 20200520144314.0 010 $a1-283-17785-4 010 $a9786613177858 010 $a1-119-97542-5 010 $a1-119-97543-3 035 $a(CKB)2550000000041124 035 $a(EBL)697595 035 $a(OCoLC)746324285 035 $a(SSID)ssj0000534944 035 $a(PQKBManifestationID)11348599 035 $a(PQKBTitleCode)TC0000534944 035 $a(PQKBWorkID)10526920 035 $a(PQKB)11302623 035 $a(MiAaPQ)EBC697595 035 $a(PPN)233220097 035 $a(EXLCZ)992550000000041124 100 $a20110331d2011 uy 0 101 0 $aeng 135 $aur|n|---||||| 181 $ctxt 182 $cc 183 $acr 200 00$aChemistry and biochemistry of oxygen therapeutics $efrom transfusion to artificial blood /$fedited by Andrea Mozzarelli and Stefano Bettati 205 $a1st ed. 210 $aChichester [England] ;$aHoboken, N.J. $cWiley$d2011 215 $a1 online resource (476 p.) 300 $aDescription based upon print version of record. 311 $a0-470-68668-5 320 $aIncludes bibliographical references and index. 327 $apt. 1. Oxygen : chemistry, biochemistry, physiology and toxicity -- pt. 2. Medical needs for oxygen supply -- pt. 3. "Old" and new strategies for oxygen supply. 330 $a"Scientists are developing oxygen therapeutics, or "blood substitutes," with the same oxygen-carrying capability as blood and can be used as replacements for blood transfusion or to treat diseases where oxygen transport is impaired. This book links the underlying biochemical principles of the field with chemical and biotechnological innovations and pre-clinical development, starting with the observation that an oxygen therapeutic agent can be developed only upon a deep understanding of oxygen and nitric oxide, homeostasis and regulation, and the well-documented correlations between adverse effects of a specific product and its biochemical-physiological properties"--$cProvided by publisher. 330 $a"First book to cover the full range of new oxygen therapeutics"--$cProvided by publisher. 606 $aOxygen therapy 606 $aOxigen$xPhysiological effect 606 $aNitric oxide$xPhysiological effect 615 0$aOxygen therapy. 615 0$aOxigen$xPhysiological effect. 615 0$aNitric oxide$xPhysiological effect. 676 $a615.8/36 676 $a615.836 686 $aSCI007000$2bisacsh 701 $aMozzarelli$b Andrea$0957272 701 $aBettati$b Stefano$01602161 801 0$bMiAaPQ 801 1$bMiAaPQ 801 2$bMiAaPQ 906 $aBOOK 912 $a9910806996303321 996 $aChemistry and Biochemistry of Oxygen Therapeutics$93926044 997 $aUNINA